Руководителям школ г. Москвы о планировании работы школы. Ч. 1 (общая) (Запись № 8364842)

Подробности
000 -МАРКЕР
контрольное поле 01280nam2a22002651 4500
001 - ИДЕНТИФИКАТОР ЗАПИСИ
контрольное поле rc\4928564
005 - ИДЕНТИФИКАТОР ВЕРСИИ
контрольное поле 20250612204958.0
021 ## - НОМЕР ГОСУДАРСТВЕННОЙ РЕГИСТРАЦИИ
Код страны Российская Федерация
Номер 66-99791
021 ## - НОМЕР ГОСУДАРСТВЕННОЙ РЕГИСТРАЦИИ
Код страны Российская Федерация
Номер Рг2010-67
035 ## - ДРУГИЕ СИСТЕМНЫЕ НОМЕРА
Идентификатор записи (NLR Aleph) 008844836
100 ## - ДАННЫЕ ОБЩЕЙ ОБРАБОТКИ
Данные общей обработки 20130426d1966 |||y0rusy50 ca
101 0# - ЯЗЫК РЕСУРСА
Язык текста, звукозаписи и т.д. русский
102 ## - СТРАНА ПУБЛИКАЦИИ ИЛИ ПРОИЗВОДСТВА
Страна публикации Российская Федерация
105 ## - ПОЛЕ КОДИРОВАННЫХ ДАННЫХ: ТЕКСТОВЫЕ МАТЕРИАЛЫ, МОНОГРАФИЧЕСКИЕ
Кодированные данные о монографическом текстовом документе a z |||||
200 0# - ЗАГЛАВИЕ И СВЕДЕНИЯ ОБ ОТВЕТСТВЕННОСТИ
Основное заглавие Ч. 1 (общая)
Первые сведения об ответственности [Сост.: Ю.А. Зайцев]
210 ## - ПУБЛИКАЦИЯ, РАСПРОСТРАНЕНИЕ И ДР.
Дата издания, распространения и т.д. 1966
Место издания, распространения и т.д. Б. м.
215 ## - ФИЗИЧЕСКАЯ ХАРАКТЕРИСТИКА
Специфическое обозначение материала и объем 64 с., 1 отд. л. табл.
461 #0 - УРОВЕНЬ НАБОРА
Встроенное поле 001rc\4928563
-- 2001#$aРуководителям школ г. Москвы о планировании работы школы$eЧ. 1-$fМоск. гор. отд. нар. образования. Моск. гор. ин-т усовершенствования учителей$vЧ. 1 (общая)
Системный номер (АБИС) связанной записи 8364836
Место публикации Москва
Дата публикации 1966
Первые сведения об ответственности Моск. гор. отд. нар. образования. Моск. гор. ин-т усовершенствования учителей
Имя издателя, распространителя и т.д. Б. и.
Сведения, относящиеся к заглавию Ч. 1-
Заглавие Руководителям школ г. Москвы о планировании работы школы
Номер тома Ч. 1 (общая)
702 #1 - ИМЯ ЛИЦА - ВТОРИЧНАЯ ОТВЕТСТВЕННОСТЬ
Начальный элемент ввода Зайцев
Часть имени, кроме начального элемента ввода Ю.А.
Код отношения Составитель
801 #0 - ИСТОЧНИК ЗАПИСИ
Страна Российская Федерация
Организация NLR
Правила каталогизации psbo
801 #1 - ИСТОЧНИК ЗАПИСИ
Страна Российская Федерация
Организация ELAR
Источник данных rusmarc
852 ## - МЕСТОНАХОЖДЕНИЕ И ШИФР ХРАНЕНИЯ
Идентификатор организации NLR
Шифр хранения (Call Number) 67-6/2469
942 ## - ДОПОЛНИТЕЛЬНЫЕ ЭЛЕМЕНТЫ ЗАПИСИ (АБИС)
Тип экземпляра АБИС Книга
980 ## - КОЛЛЕКЦИЯ
Название коллекции Национальная библиография
Экземпляры
Тип экземпляра Дата поступления Библиотека постоянного хранения Библиотека текущего хранения Место хранения Шифр хранения Штрих-код Статус экземпляра
Книга 26.10.2013 РНБ (Московский) РНБ (Московский) Русский книжный фонд: издания с 1957 года 67-6/2469 8844836-10